[Event "SR 5. liga SE-SI 2018/2019"]
[Site "?"]
[Date "2019.02.09"]
[Round "7.3"]
[White "Drinka, Robert"]
[Black "Belak, Michal"]
[Result "0-1"]
[WhiteElo "1391"]
[BlackElo "1000"]
[PlyCount "50"]
[EventDate "2018.??.??"]
[WhiteTeam "Interchess ZÅ  BorskÃ½ MikulÃ¡Å¡"]
[BlackTeam "Å O Spartak Myjava"]

1. e4 e5 2. Nf3 d6 3. d4 exd4 4. Qxd4 Nc6 5. Bb5 Bd7 6. Bxc6 Bxc6 7. Nc3 Nf6 8.
Bg5 Be7 9. O-O-O O-O 10. h4 h6 11. Bf4 Nh5 12. Be3 Bf6 13. Qd3 Bxc3 14. bxc3
Nf6 15. Bd4 Nxe4 16. Rde1 Re8 17. Nd2 Nxd2 18. Kxd2 Rxe1 19. Rxe1 Qxh4 20. a3
Qg5+ 21. f4 Qxf4+ 22. Kd1 Bd7 23. Be3 Qg4+ 24. Kc1 Qg3 25. Rh1 Re8 0-1

[Event "SR 5. liga SE-SI 2018/2019"]
[Site "?"]
[Date "2019.02.09"]
[Round "7.4"]
[White "Jarabek, Milan"]
[Black "Diviak, Rastislav"]
[Result "0-1"]
[WhiteElo "1768"]
[BlackElo "1986"]
[PlyCount "54"]
[EventDate "2018.??.??"]
[WhiteTeam "Å K Skalica D"]
[BlackTeam "CVÄŒ Senica C"]

1. e4 d6 2. d4 Nf6 3. Nc3 g6 4. Be3 Bg7 5. Qd2 c6 6. Bh6 Bxh6 7. Qxh6 Qa5 8.
O-O-O b5 9. e5 b4 10. exf6 bxc3 11. fxe7 cxb2+ 12. Kxb2 Qb4+ 13. Kc1 Kxe7 14.
Nf3 Be6 15. Bd3 Na6 16. Rhe1 Nc7 17. Ng5 Qxd4 18. Re4 Qa1+ 19. Kd2 Qf6 20. Rde1
Kd7 21. Nxe6 Nxe6 22. f4 Rhe8 23. f5 Qxf5 24. Kd1 Rab8 25. Rb4 Qa5 26. Rb3 Rxb3
27. axb3 Qc3 0-1

[Event "SR 5. liga SE-SI 2018/2019"]
[Site "?"]
[Date "2019.02.09"]
[Round "7.4"]
[White "Hrdlicka, Martin"]
[Black "Romanova, Ela"]
[Result "1/2-1/2"]
[WhiteElo "1461"]
[BlackElo "1359"]
[PlyCount "69"]
[EventDate "2018.??.??"]
[WhiteTeam "CVÄŒ Senica C"]
[BlackTeam "Å K Skalica D"]

1. e4 e5 2. Nf3 Nc6 3. Bb5 a6 4. Ba4 Nf6 5. O-O d6 6. Re1 b5 7. Bb3 Na5 8. c3
Nxb3 9. Qxb3 Be7 10. d4 exd4 11. cxd4 O-O 12. Bf4 Re8 13. Nc3 Bb7 14. Rac1 Qc8
15. Ng5 Rf8 16. Nf3 c5 17. dxc5 dxc5 18. Nd5 Nxd5 19. exd5 Bf6 20. Be5 Bxe5 21.
Rxe5 Rd8 22. Rce1 c4 23. Qc2 Bxd5 24. Rh5 g6 25. Rh3 Qb7 26. Ng5 Re8 27. Rd1 h5
28. Rxh5 Qe7 29. Kf1 Rad8 30. Rc1 Qf6 31. Nh7 Qe7 32. Rh3 Be6 33. Qc3 Bxh3 34.
Nf6+ Kf8 35. Nh7+ 1/2-1/2

[Event "SR 5. liga SE-SI 2018/2019"]
[Site "?"]
[Date "2019.02.09"]
[Round "7.4"]
[White "Davidik, Miroslav"]
[Black "Nater, Nikolas"]
[Result "1/2-1/2"]
[WhiteElo "1502"]
[BlackElo "1289"]
[PlyCount "43"]
[EventDate "2018.??.??"]
[WhiteTeam "Å K Skalica D"]
[BlackTeam "CVÄŒ Senica C"]

1. b4 Nf6 2. Bb2 e6 3. a3 g6 4. d3 Bg7 5. Nf3 O-O 6. c4 d5 7. Qc2 dxc4 8. dxc4
b6 9. Nbd2 Bb7 10. g3 a5 11. b5 Nbd7 12. Bg2 Nc5 13. O-O Qe7 14. Rfd1 Bxf3 15.
Bxf3 Rad8 16. Rab1 e5 17. Nb3 Nxb3 18. Qxb3 e4 19. Bxf6 Bxf6 20. Bg2 Rxd1+ 21.
Rxd1 Re8 22. e3 1/2-1/2

[Event "SR 5. liga SE-SI 2018/2019"]
[Site "?"]
[Date "2019.02.09"]
[Round "7.4"]
[White "Valent, Tomas"]
[Black "Dubanova, Kristina"]
[Result "1-0"]
[WhiteElo "1423"]
[BlackElo "1083"]
[PlyCount "81"]
[EventDate "2018.??.??"]
[WhiteTeam "CVÄŒ Senica C"]
[BlackTeam "Å K Skalica D"]

1. e4 e5 2. Nf3 Nc6 3. Bb5 Bc5 4. c3 Nf6 5. O-O d6 6. d4 Bb6 7. d5 Bd7 8. dxc6
bxc6 9. Bd3 Bg4 10. Bg5 h6 11. Bxf6 Qxf6 12. Nbd2 O-O 13. Qa4 d5 14. exd5 cxd5
15. Qxg4 c6 16. Bc2 Rfe8 17. Qf5 Qd6 18. Qh7+ Kf8 19. Qh8+ Ke7 20. Qxg7 Rg8 21.
Qxe5+ Qe6 22. Qxe6+ fxe6 23. Rfe1 Kd6 24. Nb3 c5 25. Re2 Rae8 26. Rae1 Rgf8 27.
Nbd2 Rf6 28. Ne5 h5 29. Rd1 Rg8 30. Ndc4+ Kc7 31. Nxb6 axb6 32. b4 c4 33. a4 h4
34. a5 h3 35. axb6+ Kb7 36. g3 Rd8 37. Ba4 Ra8 38. Bc6+ Kb8 39. Nd7+ Kc8 40.
b7+ Kc7 41. bxa8=Q 1-0

[Event "SR 5. liga SE-SI 2018/2019"]
[Site "?"]
[Date "2019.02.09"]
[Round "7.4"]
[White "Paksi, Alexander"]
[Black "Otepka, Peter"]
[Result "1-0"]
[WhiteElo "1000"]
[BlackElo "1050"]
[PlyCount "109"]
[EventDate "2018.??.??"]
[WhiteTeam "Å K Skalica D"]
[BlackTeam "CVÄŒ Senica C"]

1. e4 e5 2. Nf3 Nc6 3. Bb5 Bc5 4. O-O Nf6 5. c3 d5 6. d4 exd4 7. cxd4 Bb6 8. e5
Ne4 9. Nc3 Nxc3 10. bxc3 Bf5 11. Ba3 Qd7 12. Re1 O-O-O 13. Qa4 Rhe8 14. Bc5 f6
15. Bxb6 cxb6 16. c4 dxc4 17. Qxc4 Kb8 18. h3 Rc8 19. Qa4 Qd8 20. Rac1 Bd7 21.
d5 Qc7 22. dxc6 bxc6 23. Ba6 Rcd8 24. exf6 gxf6 25. Nd4 Re7 26. Rxe7 b5 27. Qb4
Qb6 28. Bxb5 cxb5 29. Rxh7 Ka8 30. Qc5 Qb8 31. Qd5+ Qb7 32. Qxb7+ Kxb7 33. Nxb5
Kb6 34. Nd4 f5 35. Rh6+ Kb7 36. h4 Rg8 37. h5 Be8 38. Rf6 Bxh5 39. Rxf5 Bg6 40.
Rg5 a6 41. Rc6 Bf7 42. Rxg8 Bxg8 43. Rg6 Bf7 44. Rg7 Kb6 45. Rxf7 Ka5 46. Rf6
Ka4 47. Rxa6+ Kb4 48. g4 Kc5 49. g5 Kxd4 50. g6 Kc5 51. g7 Kb5 52. Rh6 Kb4 53.
g8=Q Ka3 54. Rb6 Ka4 55. Qa8# 1-0

[Event "SR 5. liga SE-SI 2018/2019"]
[Site "?"]
[Date "2019.02.23"]
[Round "8.2"]
[White "Benak, Peter"]
[Black "Ulehla, Jakub"]
[Result "0-1"]
[WhiteElo "1663"]
[BlackElo "1674"]
[PlyCount "60"]
[EventDate "2018.??.??"]
[WhiteTeam "Å achovÃ½ klub HolÃ­Ä� C"]
[BlackTeam "CVÄŒ Senica C"]

1. c4 c5 2. Nc3 Nc6 3. g3 g6 4. Bg2 Bg7 5. e3 h5 6. Nge2 d6 7. O-O Bd7 8. d4
Qc8 9. b3 Bh3 10. Bb2 Bxg2 11. Kxg2 h4 12. Rh1 h3+ 13. Kg1 Nf6 14. dxc5 dxc5
15. Nd5 O-O 16. Nxf6+ exf6 17. Nf4 g5 18. Nd5 Qf5 19. f3 Rad8 20. e4 Qg6 21.
Kf2 f5 22. Bxg7 Kxg7 23. Re1 Rfe8 24. Qd3 fxe4 25. Rxe4 Rxe4 26. Qxe4 f5 27.
Qd3 Kh6 28. Re1 Nb4 29. Qd2 Nxd5 30. cxd5 Rd7 0-1

[Event "SR 5. liga SE-SI 2018/2019"]
[Site "?"]
[Date "2019.02.23"]
[Round "8.2"]
[White "Hrdlicka, Martin"]
[Black "Cambal, Peter"]
[Result "1/2-1/2"]
[WhiteElo "1461"]
[BlackElo "1417"]
[PlyCount "58"]
[EventDate "2018.??.??"]
[WhiteTeam "CVÄŒ Senica C"]
[BlackTeam "Å achovÃ½ klub HolÃ­Ä� C"]

1. e4 c5 2. Nf3 d6 3. Bb5+ Bd7 4. Qe2 a6 5. Bxd7+ Nxd7 6. c3 Qc7 7. O-O Ngf6 8.
d4 cxd4 9. cxd4 g6 10. Nc3 Bg7 11. Bg5 e5 12. Rac1 Qa5 13. dxe5 Nxe5 14. Bxf6
Bxf6 15. Nd5 Bd8 16. Nxe5 dxe5 17. Qe3 O-O 18. Qh6 f5 19. b4 Qxa2 20. exf5 Rxf5
21. Rc7 Bxc7 22. Ne7+ Kh8 23. Nxg6+ Kg8 24. Ne7+ Kh8 25. Nxf5 Qf7 26. Ng3 Rg8
27. Rd1 Qg6 28. Qd2 b5 29. Qc3 Bb8 1/2-1/2

[Event "SR 5. liga SE-SI 2018/2019"]
[Site "?"]
[Date "2019.02.23"]
[Round "8.2"]
[White "Svrcek, Daniel"]
[Black "Nater, Nikolas"]
[Result "1-0"]
[WhiteElo "1318"]
[BlackElo "1289"]
[PlyCount "97"]
[EventDate "2018.??.??"]
[WhiteTeam "Å achovÃ½ klub HolÃ­Ä� C"]
[BlackTeam "CVÄŒ Senica C"]

1. e4 e5 2. Nf3 Nc6 3. Bb5 Nf6 4. d3 d6 5. Bg5 h6 6. Bh4 Bg4 7. Nbd2 Qd7 8.
Bxf6 gxf6 9. c3 O-O-O 10. Qa4 d5 11. Bxc6 Qxc6 12. Qxc6 bxc6 13. O-O-O Rg8 14.
g3 dxe4 15. dxe4 Rd3 16. Ne1 Rd6 17. f3 Be6 18. b3 h5 19. Ng2 Bh6 20. Kc2 Bxd2
21. Rxd2 f5 22. Rhd1 Rgd8 23. Ne3 Rxd2+ 24. Rxd2 Rxd2+ 25. Kxd2 f4 26. gxf4
exf4 27. Ng2 Kd7 28. Nxf4 h4 29. Nxe6 Kxe6 30. Ke3 a5 31. a4 c5 32. Kf4 c4 33.
bxc4 Kd6 34. Kg4 Ke5 35. c5 c6 36. h3 f6 37. c4 Kd4 38. Kxh4 Kxc5 39. Kg4 Kxc4
40. h4 Kb3 41. h5 c5 42. h6 c4 43. h7 c3 44. h8=Q c2 45. Qc8 Kb2 46. Qb7+ Kc3
47. Qc6+ Kb2 48. Qxf6+ Kb1 49. Qc6 1-0

[Event "SR 5. liga SE-SI 2018/2019"]
[Site "?"]
[Date "2019.02.23"]
[Round "8.2"]
[White "Valent, Tomas"]
[Black "Datko, Jan"]
[Result "0-1"]
[WhiteElo "1423"]
[BlackElo "1229"]
[PlyCount "40"]
[EventDate "2018.??.??"]
[WhiteTeam "CVÄŒ Senica C"]
[BlackTeam "Å achovÃ½ klub HolÃ­Ä� C"]

1. e4 e6 2. d4 d5 3. exd5 exd5 4. Nf3 Nf6 5. Nc3 c5 6. Bg5 Be6 7. Bb5+ Nc6 8.
O-O Be7 9. dxc5 O-O 10. Re1 d4 11. Ne2 Bxc5 12. Bxc6 bxc6 13. Nexd4 Bg4 14. Re4
Bxf3 15. Nxf3 Qxd1+ 16. Rxd1 Nxe4 17. Bh4 f6 18. c3 g5 19. Bg3 Nxg3 20. hxg3
Rad8 0-1

[Event "SR 5. liga SE-SI 2018/2019"]
[Site "?"]
[Date "2019.02.23"]
[Round "8.2"]
[White "Sefcik, Oliver"]
[Black "Barancik, Filip"]
[Result "1-0"]
[WhiteElo "1136"]
[BlackElo "1000"]
[PlyCount "119"]
[EventDate "2018.??.??"]
[WhiteTeam "Å achovÃ½ klub HolÃ­Ä� C"]
[BlackTeam "CVÄŒ Senica C"]

1. e4 e6 2. d4 d5 3. e5 c5 4. c3 a6 5. f4 Nh6 6. Nf3 Be7 7. Be2 Nc6 8. O-O O-O
9. Bd3 Qb6 10. Bc2 c4 11. h3 Bd7 12. Nh2 Qa7 13. Ng4 Nf5 14. Kh2 b5 15. Ne3
Nxe3 16. Bxe3 f6 17. Nd2 fxe5 18. fxe5 Rxf1 19. Qxf1 Rf8 20. Qe2 Be8 21. Qg4
Qd7 22. Bh6 Bd8 23. Nf3 Kh8 24. Be3 Qf7 25. b3 Ne7 26. Ng5 Qh5 27. Nxe6 Qxg4
28. hxg4 Bg6 29. Bxg6 Nxg6 30. Nxf8 Nxf8 31. Rf1 Kg8 32. Kg3 cxb3 33. axb3 a5
34. Ra1 Kf7 35. c4 dxc4 36. bxc4 b4 37. Bd2 Ke6 38. Kf4 Nd7 39. d5+ Ke7 40. Ke4
Nb6 41. Bg5+ Kd7 42. Bxd8 Kxd8 43. Kd4 a4 44. c5 b3 45. Kc3 Nxd5+ 46. Kb2 Nb4
47. Rxa4 Nd3+ 48. Kc3 b2 49. Kc2 Nxc5 50. Rc4 Nd7 51. Kxb2 Nxe5 52. Re4 Nd3+
53. Kc3 Nc5 54. Re1 Nd7 55. Kd4 Nf6 56. g5 Nh5 57. Rh1 g6 58. g4 Ng7 59. Ke5 h5
60. gxh6 1-0

[Event "SR 5. liga SE-SI 2018/2019"]
[Site "?"]
[Date "2019.02.23"]
[Round "8.3"]
[White "Drozd, Jan"]
[Black "Novomeska, Karin"]
[Result "1/2-1/2"]
[WhiteElo "1505"]
[BlackElo "1282"]
[PlyCount "70"]
[EventDate "2018.??.??"]
[WhiteTeam "CVÄŒ Senica D"]
[BlackTeam "Å K Å tefanov B"]

1. e4 c6 2. d4 d5 3. e5 Bf5 4. Nf3 e6 5. Bg5 Be7 6. Bxe7 Nxe7 7. Bd3 Bxd3 8.
Qxd3 Qb6 9. b3 Nd7 10. Nbd2 Rc8 11. O-O c5 12. c3 cxd4 13. cxd4 O-O 14. Rfd1
Rc7 15. Rac1 Rfc8 16. Rxc7 Rxc7 17. Nf1 Qa5 18. Ng5 Ng6 19. Qf3 Ndf8 20. Qe2 a6
21. g3 Qc3 22. Ne3 h6 23. Nf3 Ne7 24. Kg2 Nf5 25. Nxf5 exf5 26. Rd3 Qc2 27. Rd2
Qe4 28. Qxe4 fxe4 29. Ne1 Rc1 30. Nc2 Ne6 31. Ne3 Nc7 32. Nf5 h5 33. Ne7+ Kf8
34. Nf5 g6 35. Ne3 Rc3 1/2-1/2

[Event "SR 5. liga SE-SI 2018/2019"]
[Site "?"]
[Date "2019.02.23"]
[Round "8.3"]
[White "Tomasovic, Pavol"]
[Black "Kaufman, Robert"]
[Result "1/2-1/2"]
[WhiteElo "1261"]
[BlackElo "1373"]
[PlyCount "64"]
[EventDate "2018.??.??"]
[WhiteTeam "Å K Å tefanov B"]
[BlackTeam "CVÄŒ Senica D"]

1. e4 e5 2. Nf3 Nc6 3. Bb5 a6 4. Ba4 Nf6 5. O-O Bc5 6. c3 b5 7. Bb3 O-O 8. d4
exd4 9. cxd4 Bb6 10. Bg5 d6 11. Nc3 Bg4 12. Bd5 Bxf3 13. gxf3 Qd7 14. Bxc6 Qxc6
15. Rc1 Ne8 16. Nd5 Qb7 17. Be7 Qa7 18. Bxf8 Kxf8 19. Nxb6 Qxb6 20. f4 Rd8 21.
Re1 c5 22. dxc5 dxc5 23. Qc2 Qg6+ 24. Kh1 c4 25. b3 Qg4 26. Qc3 Rd3 27. Qb4+
Kg8 28. bxc4 Qf3+ 29. Kg1 Qg4+ 30. Kf1 Qh3+ 31. Kg1 Qg4+ 32. Kf1 Qh3+ 1/2-1/2

[Event "SR 5. liga SE-SI 2018/2019"]
[Site "?"]
[Date "2019.02.23"]
[Round "8.3"]
[White "Bazovsky, Max"]
[Black "Novomesky, Roman"]
[Result "1-0"]
[WhiteElo "1321"]
[BlackElo "1000"]
[PlyCount "89"]
[EventDate "2018.??.??"]
[WhiteTeam "CVÄŒ Senica D"]
[BlackTeam "Å K Å tefanov B"]

1. d4 d5 2. e3 e6 3. Bd3 c5 4. c3 Nf6 5. Nd2 Be7 6. f4 Nc6 7. Ngf3 h6 8. Ne5
Qb6 9. a3 Nd7 10. Qg4 Bf6 11. O-O cxd4 12. cxd4 Nxd4 13. Nxf7 Kxf7 14. Qg6+ Ke7
15. exd4 Qxd4+ 16. Kh1 Nf8 17. Qg3 Bd7 18. Nb3 Qb6 19. Bc2 Rc8 20. Be3 d4 21.
Bd2 Rxc2 22. Bb4+ Kd8 23. Ba5 Qxa5 24. Nxa5 Rxb2 25. Rab1 Rb5 26. Nxb7+ Rxb7
27. Rxb7 a6 28. Ra7 Bc8 29. Qe1 Ke8 30. Ra8 Kd7 31. Qb4 e5 32. fxe5 Bxe5 33.
Rf7+ Ke6 34. Qe7+ Kd5 35. Rxc8 Ng6 36. Qd7+ Ke4 37. Rxh8 Nxh8 38. Rf8 d3 39.
Qf5+ Kd4 40. Rd8+ Kc5 41. Qxe5+ Kc4 42. Qd4+ Kb5 43. Qxd3+ Kb6 44. Qd6+ Ka5 45.
Qc5+ 1-0

[Event "SR 5. liga SE-SI 2018/2019"]
[Site "?"]
[Date "2019.02.23"]
[Round "8.3"]
[White "Bena, Pavol"]
[Black "Kaufman, Roman"]
[Result "0-1"]
[WhiteElo "1000"]
[BlackElo "1000"]
[PlyCount "86"]
[EventDate "2018.??.??"]
[WhiteTeam "Å K Å tefanov B"]
[BlackTeam "CVÄŒ Senica D"]

1. e4 e5 2. Nf3 Nc6 3. Bc4 Nf6 4. Nc3 Bc5 5. d3 O-O 6. O-O d6 7. h3 Na5 8. a3
Nxc4 9. dxc4 Be6 10. b3 c6 11. b4 Bb6 12. c5 dxc5 13. Qxd8 Raxd8 14. bxc5 Bxc5
15. Bg5 Rd3 16. Bxf6 gxf6 17. Ne2 Rxa3 18. Rxa3 Bxa3 19. Ra1 Bc5 20. Rd1 b5 21.
Ra1 Ra8 22. Ra6 Bd7 23. Ne1 b4 24. Ra5 Bd6 25. Ng3 Bc7 26. Rc5 a5 27. Nh5 Bd8
28. Nd3 Be7 29. Rc4 Be6 30. Rxc6 a4 31. Rc7 a3 32. Nc1 Kf8 33. Ng7 Kxg7 34.
Rxe7 Rc8 35. Nd3 Rc4 36. Rb7 Rxc2 37. Nxb4 Rb2 38. g4 a2 39. Kg2 a1=Q 40. Nc2
Qa8 41. Kf1 Qxb7 42. Ne3 Qxe4 43. Nd1 Qh1# 0-1

[Event "SR 5. liga SE-SI 2018/2019"]
[Site "?"]
[Date "2019.02.23"]
[Round "8.3"]
[White "Kaufmanova, Karin"]
[Black "Rehakova, Natalia"]
[Result "1-0"]
[WhiteElo "1000"]
[BlackElo "1000"]
[PlyCount "83"]
[EventDate "2018.??.??"]
[WhiteTeam "CVÄŒ Senica D"]
[BlackTeam "Å K Å tefanov B"]

1. e4 e5 2. Nf3 Nc6 3. Bc4 Nf6 4. Nc3 Bb4 5. d3 d6 6. h3 Nd4 7. Nxd4 exd4 8. a3
Ba5 9. b4 Bb6 10. Bb5+ Bd7 11. Bxd7+ Qxd7 12. Nd5 Nxd5 13. exd5 Qe7+ 14. Qe2
Qxe2+ 15. Kxe2 c5 16. Re1 O-O 17. Kf1 Rae8 18. Bb2 Re7 19. Rxe7 Bd8 20. Rxb7
Bb6 21. bxc5 dxc5 22. c3 Rd8 23. cxd4 Rxd5 24. Re1 h6 25. dxc5 Bxc5 26. Rc1 a6
27. Rc7 Bd4 28. Bxd4 Rxd4 29. Rc8+ Kh7 30. Rd1 Ra4 31. d4 Rxa3 32. d5 a5 33. d6
a4 34. d7 Rb3 35. d8=Q a3 36. Qd5 Rb2 37. Qd3+ g6 38. Qxa3 Rb7 39. Qf3 Ra7 40.
Rdd8 h5 41. Rh8+ Kg7 42. Rcg8# 1-0

[Event "SR 5. liga SE-SI 2018/2019"]
[Site "?"]
[Date "2019.02.23"]
[Round "8.4"]
[White "Davidik, Miroslav"]
[Black "Zajicek, Ferdinand"]
[Result "1/2-1/2"]
[WhiteElo "1502"]
[BlackElo "1729"]
[PlyCount "37"]
[EventDate "2018.??.??"]
[WhiteTeam "Å K Skalica D"]
[BlackTeam "Å K Nafta Gbely D"]

1. b4 Nf6 2. Bb2 d5 3. e3 e6 4. a3 a6 5. c4 c6 6. c5 g6 7. Qc2 Bg7 8. Nf3 O-O
9. d3 Nbd7 10. e4 dxe4 11. dxe4 a5 12. Nbd2 axb4 13. axb4 Rxa1+ 14. Bxa1 Nxe4
15. Bxg7 Nxd2 16. Bxf8 Nxf3+ 17. gxf3 Qxf8 18. Qc3 Qh6 19. Qe3 1/2-1/2

[Event "SR 5. liga SE-SI 2018/2019"]
[Site "?"]
[Date "2019.02.23"]
[Round "8.4"]
[White "Ralbovsky, Milan"]
[Black "Drabek, Martin"]
[Result "1-0"]
[WhiteElo "1330"]
[BlackElo "1450"]
[PlyCount "113"]
[EventDate "2018.??.??"]
[WhiteTeam "Å K Nafta Gbely D"]
[BlackTeam "Å K Skalica D"]

1. e4 e5 2. Nf3 Nc6 3. Bb5 d6 4. Bxc6+ bxc6 5. d3 h6 6. O-O Bg4 7. Be3 Nf6 8.
Nbd2 Be7 9. c3 O-O 10. Qa4 c5 11. b4 Bd7 12. Qa5 cxb4 13. cxb4 a6 14. Rfc1 Ne8
15. Rc3 Qb8 16. a3 Bd8 17. Qd5 Nf6 18. Qb3 Qb7 19. h3 Re8 20. Qd1 d5 21. exd5
Nxd5 22. Rc5 c6 23. Nc4 Bc7 24. Na5 Nxe3 25. fxe3 Bxa5 26. Rxa5 f6 27. Qb3+ Be6
28. Qc3 Qb6 29. Qc5 Qd8 30. Ne1 Qd7 31. Rc1 Rec8 32. Rc3 Qa7 33. Qxa7 Rxa7 34.
Nf3 Kf7 35. d4 Bd5 36. Rxd5 cxd5 37. Rxc8 exd4 38. Nxd4 Rb7 39. Rc6 Ra7 40. Rd6
Re7 41. Kf2 Ra7 42. Rxd5 Kg6 43. Ra5 h5 44. b5 Rd7 45. Rxa6 Kg5 46. Ra4 Rb7 47.
Rb4 f5 48. a4 Kf6 49. a5 g5 50. a6 Ra7 51. Nc6 Rd7 52. Rd4 Rc7 53. a7 Rc8 54.
Rd6+ Kf7 55. b6 Kg7 56. b7 Rf8 57. b8=Q 1-0

[Event "SR 5. liga SE-SI 2018/2019"]
[Site "?"]
[Date "2019.02.23"]
[Round "8.4"]
[White "Tutkova, Ludmila"]
[Black "Hyza, Richard"]
[Result "1-0"]
[WhiteElo "1105"]
[BlackElo "1259"]
[PlyCount "61"]
[EventDate "2018.??.??"]
[WhiteTeam "Å K Skalica D"]
[BlackTeam "Å K Nafta Gbely D"]

1. b3 e5 2. Bb2 Nc6 3. e4 Nf6 4. d3 d6 5. Nd2 Be6 6. h3 Be7 7. Ngf3 Qd7 8. Be2
h6 9. d4 exd4 10. Nxd4 Nxd4 11. Bxd4 O-O 12. O-O Nh7 13. Nf3 Ng5 14. Nxg5 Bxg5
15. e5 d5 16. Bd3 Rfe8 17. f4 Qe7 18. fxg5 Qxg5 19. Qf3 Rf8 20. Rac1 c6 21. c4
dxc4 22. Bxc4 Bxc4 23. Rxc4 Qd2 24. Bc5 Qxa2 25. Bxf8 Rxf8 26. Rf4 Qc2 27. Rxf7
Rxf7 28. Qxf7+ Kh7 29. e6 Qxb3 30. e7 Qb2 31. Qf5+ 1-0

[Event "SR 5. liga SE-SI 2018/2019"]
[Site "?"]
[Date "2019.02.23"]
[Round "8.4"]
[White "Ralbovsky, Dominik"]
[Black "Tutka, Stepan"]
[Result "1-0"]
[WhiteElo "1124"]
[BlackElo "1081"]
[PlyCount "49"]
[EventDate "2018.??.??"]
[WhiteTeam "Å K Nafta Gbely D"]
[BlackTeam "Å K Skalica D"]

1. Nf3 Nf6 2. g3 Nc6 3. Bg2 e5 4. d3 d5 5. O-O Bd6 6. Nbd2 O-O 7. c4 Be6 8. Ng5
d4 9. Qb3 Rb8 10. Nde4 b5 11. Nxe6 fxe6 12. Nxf6+ Rxf6 13. Bxc6 bxc4 14. Qc2
Rg6 15. dxc4 Qh4 16. Kh1 Qf6 17. Qe4 Rf8 18. Kg1 Bc5 19. e3 Rf7 20. Be8 Rxg3+
21. hxg3 Rf8 22. Qc6 Be7 23. Bd7 Qf5 24. Bxe6+ Qxe6 25. Qxe6+ 1-0

[Event "SR 5. liga SE-SI 2018/2019"]
[Site "?"]
[Date "2019.02.23"]
[Round "8.4"]
[White "Jancik, James"]
[Black "Vyrubal, Ondrej"]
[Result "1-0"]
[WhiteElo "1000"]
[BlackElo "1000"]
[PlyCount "49"]
[EventDate "2018.??.??"]
[WhiteTeam "Å K Skalica D"]
[BlackTeam "Å K Nafta Gbely D"]

1. e4 e5 2. f3 Nc6 3. Ne2 Bb4 4. c3 Ba5 5. b4 Bb6 6. d4 d6 7. c4 exd4 8. Nf4
Nf6 9. a4 d3 10. Bxd3 Bd4 11. Ra3 Bb6 12. Qe2 Be6 13. Be3 Nd4 14. Bxd4 Bxd4 15.
Nc3 O-O 16. Nb5 Bb6 17. a5 Bc5 18. bxc5 dxc5 19. e5 Ne8 20. Qe4 g6 21. Nd5 Ng7
22. Nbxc7 Rb8 23. Nf6+ Kh8 24. Qh4 Qd4 25. Qxh7# 1-0

[Event "SR 5. liga SE-SI 2018/2019"]
[Site "?"]
[Date "2019.03.09"]
[Round "9.1"]
[White "Nemeckay, Rastislav"]
[Black "Diviak, Rastislav"]
[Result "1/2-1/2"]
[WhiteElo "1944"]
[BlackElo "1991"]
[PlyCount "22"]
[EventDate "2018.??.??"]
[WhiteTeam "Interchess ZÅ  BorskÃ½ MikulÃ¡Å¡"]
[BlackTeam "CVÄŒ Senica C"]

1. e4 c5 2. Nf3 d6 3. d4 cxd4 4. Nxd4 Nf6 5. Nc3 a6 6. Be2 e6 7. O-O Be7 8. a4
O-O 9. f4 Qc7 10. Kh1 Nc6 11. Be3 Bd7 1/2-1/2

[Event "SR 5. liga SE-SI 2018/2019"]
[Site "?"]
[Date "2019.03.09"]
[Round "9.1"]
[White "Nater, Nikolas"]
[Black "Visvader, Kristof"]
[Result "1/2-1/2"]
[WhiteElo "1281"]
[BlackElo "1378"]
[PlyCount "69"]
[EventDate "2018.??.??"]
[WhiteTeam "CVÄŒ Senica C"]
[BlackTeam "Interchess ZÅ  BorskÃ½ MikulÃ¡Å¡"]

1. e4 e5 2. Nf3 Nc6 3. Bc4 Be7 4. d3 Nf6 5. Nc3 d6 6. Be3 O-O 7. h3 Bd7 8. Qd2
Qc8 9. O-O-O a6 10. Rdg1 b5 11. Bd5 Nxd5 12. Nxd5 Be6 13. d4 exd4 14. Nxd4 Bxd5
15. exd5 Ne5 16. b3 Qd7 17. f4 Ng6 18. g3 a5 19. Qd3 Rfb8 20. h4 b4 21. h5 Nh8
22. f5 a4 23. h6 g6 24. fxg6 Nxg6 25. Nc6 Rb7 26. Qd4 Bf8 27. Nxb4 axb3 28.
axb3 Ne5 29. Qf4 Qg4 30. Nc6 Qg6 31. Nxe5 dxe5 32. Qxe5 Ra2 33. Qg5 Rxc2+ 34.
Kd1 Qxg5 35. Bxg5 1/2-1/2

[Event "SR 5. liga SE-SI 2018/2019"]
[Site "?"]
[Date "2019.03.09"]
[Round "9.1"]
[White "Visvader, Rudolf"]
[Black "Valent, Tomas"]
[Result "1-0"]
[WhiteElo "1290"]
[BlackElo "1397"]
[PlyCount "63"]
[EventDate "2018.??.??"]
[WhiteTeam "Interchess ZÅ  BorskÃ½ MikulÃ¡Å¡"]
[BlackTeam "CVÄŒ Senica C"]

1. d4 d5 2. Nf3 Nc6 3. e3 Nf6 4. Bd3 Bg4 5. Nbd2 e6 6. c3 Bd6 7. e4 Bxf3 8.
Qxf3 dxe4 9. Nxe4 Be7 10. O-O Qd7 11. b4 a6 12. Re1 Nd5 13. Bb2 O-O 14. a3 b5
15. Rad1 Na7 16. Bc2 Nc8 17. Nc5 Bxc5 18. dxc5 Nce7 19. Qh3 Nf5 20. g4 Nh6 21.
Bc1 f6 22. Bxh6 gxh6 23. Qxh6 Qf7 24. Rxe6 Nxc3 25. Rde1 Nd5 26. Bb3 Rad8 27.
Bxd5 Rxd5 28. Re7 Qg6 29. Qxg6+ hxg6 30. Rxc7 Rd3 31. Re3 Rd4 32. h3 1-0

[Event "SR 5. liga SE-SI 2018/2019"]
[Site "?"]
[Date "2019.03.09"]
[Round "9.1"]
[White "Barancik, Filip"]
[Black "Buraj, Patrik"]
[Result "1-0"]
[WhiteElo "1000"]
[BlackElo "1121"]
[PlyCount "115"]
[EventDate "2018.??.??"]
[WhiteTeam "CVÄŒ Senica C"]
[BlackTeam "Interchess ZÅ  BorskÃ½ MikulÃ¡Å¡"]

1. e4 e5 2. Bc4 Nf6 3. d3 Nc6 4. c3 d6 5. h3 d5 6. exd5 Nxd5 7. Qf3 Be6 8. Ne2
Qd7 9. Bxd5 Bxd5 10. Qg3 g6 11. Bg5 h6 12. Bf6 Rg8 13. Bxe5 Nxe5 14. Qxe5+ Be7
15. Nf4 f6 16. Qxd5 Qxd5 17. Nxd5 O-O-O 18. Nxe7+ Kb8 19. Nxg8 Rxg8 20. O-O a6
21. Nd2 f5 22. Rfe1 g5 23. Re6 h5 24. Rae1 Ka7 25. b4 h4 26. a4 g4 27. Kh2 f4
28. hxg4 Rxg4 29. Kh3 Rg7 30. Kxh4 Rxg2 31. Rf1 Rh2+ 32. Kg4 Ka8 33. Re8+ Ka7
34. Kxf4 Rh3 35. f3 Rh4+ 36. Ke3 Rh5 37. a5 b6 38. axb6+ Kxb6 39. Ra1 c5 40.
Re6+ Kb7 41. bxc5 Rxc5 42. Raxa6 Rxc3 43. Rh6 Rc5 44. Rag6 Rc8 45. f4 Rc5 46.
Rh7+ Rc7 47. Rxc7+ Kxc7 48. Rg5 Kb6 49. f5 Kc6 50. f6 Kd7 51. Rf5 Ke8 52. f7+
Kf8 53. Ke4 Ke7 54. f8=Q+ Kd7 55. Qf6 Kc7 56. Re5 Kd7 57. Re7+ Kd8 58. Qf8# 1-0

[Event "SR 5. liga SE-SI 2018/2019"]
[Site "?"]
[Date "2019.03.09"]
[Round "9.1"]
[White "Kafka, Ludovit"]
[Black "Otepka, Peter"]
[Result "1-0"]
[WhiteElo "1000"]
[BlackElo "1050"]
[PlyCount "117"]
[EventDate "2018.??.??"]
[WhiteTeam "Interchess ZÅ  BorskÃ½ MikulÃ¡Å¡"]
[BlackTeam "CVÄŒ Senica C"]

1. Nc3 Nf6 2. Nf3 Nc6 3. e4 e5 4. d3 Bb4 5. Bg5 d6 6. a3 Bc5 7. Nd5 Bg4 8. c3
h6 9. Bh4 g5 10. Bg3 Nxd5 11. exd5 Ne7 12. h3 Bf5 13. c4 e4 14. Nd2 exd3 15.
Qa4+ c6 16. O-O-O Qb6 17. Qb3 cxd5 18. cxd5 Qc7 19. Nc4 a6 20. f4 b5 21. Nd2
Bd4+ 22. Kb1 Rc8 23. Bxd3 Bxd3+ 24. Qxd3 Bf6 25. Ne4 Bg7 26. Rc1 Qb7 27. h4
gxh4 28. Bxh4 O-O 29. Bxe7 Rfe8 30. Nxd6 Qxe7 31. Nxc8 Qd7 32. Nb6 Qd6 33. Nc8
Qxf4 34. Nd6 Qxd6 35. Rce1 Rxe1+ 36. Rxe1 Qh2 37. d6 Qxg2 38. Re2 Qg1+ 39. Kc2
Qc5+ 40. Kd2 Qg5+ 41. Re3 Bxb2 42. d7 Bf6 43. Ke2 Qg2+ 44. Kd1 h5 45. d8=R+
Bxd8 46. Qxd8+ Kg7 47. Qd4+ Kh7 48. Re7 Qf1+ 49. Kc2 a5 50. Qe4+ Kh6 51. Qc6+
Kg5 52. Qd5+ Kh4 53. Re4+ Kh3 54. Qxh5+ Kg3 55. Qh4+ Kg2 56. Rg4+ Kf3 57. Qg3+
Ke2 58. Qd3+ Ke1 59. Qd2# 1-0

[Event "SR 5. liga SE-SI 2018/2019"]
[Site "?"]
[Date "2019.03.09"]
[Round "9.2"]
[White "Jakubec, Milan"]
[Black "Holiencin, Filip"]
[Result "1-0"]
[WhiteElo "1992"]
[BlackElo "1717"]
[PlyCount "55"]
[EventDate "2018.??.??"]
[WhiteTeam "Å O Spartak Myjava"]
[BlackTeam "Å achovÃ½ klub HolÃ­Ä� C"]

1. e4 d6 2. d4 Nf6 3. Nc3 g6 4. Nf3 Bg7 5. Bf4 O-O 6. Be2 b6 7. e5 Ne8 8. Qd2
Bb7 9. O-O-O d5 10. Bh6 e6 11. h4 f6 12. g4 Qe7 13. h5 Bxh6 14. Qxh6 Qg7 15.
hxg6 hxg6 16. Qe3 Kf7 17. exf6 Qxf6 18. Rh7+ Ng7 19. g5 Qd8 20. Ne5+ Kg8 21.
Rdh1 Nh5 22. Rh6 Rf5 23. Rxg6+ Ng7 24. Bg4 Nd7 25. Bxf5 exf5 26. Qh3 Nxe5 27.
Qh8+ Kf7 28. Qxg7+ 1-0